LEADER 05605nam 22007575 450 001 9910483792503321 005 20251113183712.0 010 $a3-642-00593-4 024 7 $a10.1007/978-3-642-00593-0 035 $a(CKB)1000000000718124 035 $a(SSID)ssj0000317837 035 $a(PQKBManifestationID)11253576 035 $a(PQKBTitleCode)TC0000317837 035 $a(PQKBWorkID)10308476 035 $a(PQKB)10004998 035 $a(DE-He213)978-3-642-00593-0 035 $a(MiAaPQ)EBC3064081 035 $a(PPN)134126416 035 $a(EXLCZ)991000000000718124 100 $a20100301d2009 u| 0 101 0 $aeng 135 $aurnn|008mamaa 181 $ctxt 182 $cc 183 $acr 200 10$aFundamental Approaches to Software Engineering $e12th International Conference, FASE 2009, Held as Part of the Joint European Conferences on Theory and Practice of Software, ETAPS 2009, York, UK, March 22-29, 2009, Proceedings /$fedited by Marsha Chechik, Martin Wirsing 205 $a1st ed. 2009. 210 1$aBerlin, Heidelberg :$cSpringer Berlin Heidelberg :$cImprint: Springer,$d2009. 215 $a1 online resource (XIII, 488 p.) 225 1 $aTheoretical Computer Science and General Issues,$x2512-2029 ;$v5503 300 $aInternational conference proceedings. 311 08$a3-642-00592-6 320 $aIncludes bibliographical references and index. 327 $aScalable Analysis of Scalable Systems -- Scalable Analysis of Scalable Systems -- Model-Driven Development -- Rewriting Logic Semantics and Verification of Model Transformations -- Confluence in Domain-Independent Product Line Transformations -- Object Flow Definition for Refined Activity Diagrams -- A Category-Theoretical Approach to the Formalisation of Version Control in MDE -- Synthesis and Adaptation -- Controller Synthesis from LSC Requirements -- Interface Generation and Compositional Verification in JavaPathfinder -- A Formal Way from Text to Code Templates -- Context-Aware Adaptive Services: The PLASTIC Approach -- Modeling -- Synchronous Modeling and Validation of Priority Inheritance Schedulers -- Describing and Analyzing Behaviours over Tabular Specifications Using (Dyn)Alloy -- Testing and Debugging -- Reducing the Costs of Bounded-Exhaustive Testing -- Logical Testing -- Cross-Entropy-Based Replay of Concurrent Programs -- Model Analysis -- Control Dependence for Extended Finite State Machines -- Proving Consistency of Pure Methods and Model Fields -- On the Implementation of @pre -- Formal Specification and Analysis of Timing Properties in Software Systems -- Patterns -- Formal Foundation for Pattern-Based Modelling -- Problem-Oriented Documentation of Design Patterns -- Security -- Certification of Smart-Card Applications in Common Criteria -- Transformation of Type Graphs with Inheritance for Ensuring Security in E-Government Networks -- A Formal Connection between Security Automata and JML Annotations -- Queries and Error Handling -- Algorithms for Automatically Computing the Causal Paths of Failures -- Mining API Error-Handling Specifications from Source Code -- SNIFF: A Search Engine for Java Using Free-Form Queries -- Inquiry and Introspection for Non-deterministic Queries in MobileNetworks -- Tools (Demos) and Program Analysis -- hol-TestGen -- CADS*: Computer-Aided Development of Self-* Systems -- HAVE: Detecting Atomicity Violations via Integrated Dynamic and Static Analysis -- Accurate and Efficient Structural Characteristic Feature Extraction for Clone Detection -- Enhanced Property Specification and Verification in BLAST -- Finding Loop Invariants for Programs over Arrays Using a Theorem Prover. 330 $aThis book constitutes the refereed proceedings of the 12th International Conference on Fundamental Approaches to Software Engineering, FASE 2009, held in York, UK, in March 2009, as part of ETAPS 2009, the European Joint Conferences on Theory and Practice of Software. The 30 revised full papers presented together with 2 tool demonstrations were carefully reviewed and selected from 123 regluar and 9 tool paper submissions. The topics addressed are model-driven development, synthesis and adaptation, modeling, testing and debugging, model analysis, patterns, security, queries and error handling, and tools (demos) and program analysis. 410 0$aTheoretical Computer Science and General Issues,$x2512-2029 ;$v5503 606 $aSoftware engineering 606 $aCompilers (Computer programs) 606 $aComputer programming 606 $aComputer science 606 $aSoftware Engineering 606 $aCompilers and Interpreters 606 $aProgramming Techniques 606 $aComputer Science Logic and Foundations of Programming 606 $aTheory of Computation 615 0$aSoftware engineering. 615 0$aCompilers (Computer programs) 615 0$aComputer programming. 615 0$aComputer science. 615 14$aSoftware Engineering. 615 24$aCompilers and Interpreters. 615 24$aProgramming Techniques. 615 24$aComputer Science Logic and Foundations of Programming. 615 24$aTheory of Computation. 676 $a005.1 701 $aChechik$b Marsha$01421488 701 $aWirsing$b M$g(Martin)$01757737 712 12$aFASE 2009$f(2009 :$eYork, England) 712 12$aETAPS 2009$f(2009 :$eYork, England) 801 0$bMiAaPQ 801 1$bMiAaPQ 801 2$bMiAaPQ 906 $aBOOK 912 $a9910483792503321 996 $aFundamental approaches to software engineering$94195685 997 $aUNINA